000 00867nam a2200181Ia 4500
005 20250423101020.0
008 250422s9999 xx 000 0 und d
020 _a9783260456
050 _aHD 9502.N552 .S77/
100 _aEdited by Oladiran Fawibe
245 0 _aStrategic alliance and partnership in the Nigerian energy and mineral sector: the proceedings of the 6th International Energy Forum, held in Lagos, Nigeria, between 12th and 14th May, 1998
260 _aLagos
260 _bWordsmithes Printing & Packaging Limited
260 _c1999
300 _a397 p
650 _a Energy industries--Nigeria--Congresses. Petroleum industry and trade--Nigeria--Congresses. Gas industry--Nigeria--Congresses. Mineral industries--Nigeria--Congresses. Strategic alliances (Business)--Nigeria--Congresses. Investments, Foreign--Nigeria--Congresses.
942 _cBK
999 _c35026
_d35026